000
00293nam a22001337a 4500
008
181010b xxu||||| |||| 00| 0 eng d
020
_a
0201604582
041
_a
eng
080
_2
3rd
_a
004
100
_a
28
101
_a
SHK
245
_a
Open GL Programming Guide
_c
Woo,M
942
_2
udc
_c
BK
999
_c
49259
_d
49259